The Aberrant behaviour of the Indian monsoon in June 2009 (Record no. 45406)
[ view plain ]
| 000 -LEADER | |
|---|---|
| fixed length control field | 00413nam a2200133Ia 4500 |
| 100 ## - MAIN ENTRY--AUTHOR NAME | |
| Personal name | Francis PA |
| 245 #4 - TITLE STATEMENT | |
| Title | The Aberrant behaviour of the Indian monsoon in June 2009 |
| 260 ## - PUBLICATION, DISTRIBUTION, ETC. (IMPRINT) | |
| Name of publisher | Current Science |
| Year of publication | 10-Nov |
| 300 ## - PHYSICAL DESCRIPTION | |
| Number of Pages | 1291-1295 |
| 520 ## - SUMMARY, ETC. | |
| Summary, etc | Articles bound received from Dr. James Jacob, Director(R), March 2010 |
| 700 ## - ADDED ENTRY--PERSONAL NAME | |
| Personal name | Gadgil Sulochana |
| 942 ## - ADDED ENTRY ELEMENTS (KOHA) | |
| Koha item type | Reprints |
| Withdrawn status | Lost status | Damaged status | Not for loan | Home library | Current library | Shelving location | Date acquired | Serial Enumeration / chronology | Koha item type |
|---|---|---|---|---|---|---|---|---|---|
| Reprints | RRII Library | RRII Library | Climate change | 22/12/2021 | Volume 97, Issue 9 | Reprints |